| 000 | 00494nam a2200169Ia 4500 | ||
|---|---|---|---|
| 005 | 20250423094941.0 | ||
| 008 | 250422s9999 xx 000 0 und d | ||
| 020 | _a978-136-182-4 | ||
| 050 | _aP 302 .C75/ | ||
| 245 | 0 | _aCritical perspectives on language, literature and communication studies : festschrift in Honour of Siyan Oyeweso | |
| 260 | _aIIe-Ife, Osun Sate | ||
| 260 | _bObafemi Awolowo University Press | ||
| 260 | _c2012 | ||
| 300 | _a282 p | ||
| 650 | _aEnglish | ||
| 942 | _cBK | ||
| 999 |
_c28785 _d28785 |
||